Statistics for Astroneer Raw Materials

Click here to take the quiz!

General Stats

  • This quiz has been taken 59 times
  • The average score is 11 of 15

Answer Stats

HintMaterial% Correct
First MaterialCompound
95%
Ceramic ResourceClay
87%
Needed to make platformsResin
87%
Graphene MaterialGraphite
82%
First underground resourceLaterite
76%
Generator FuelOrganic
76%
Mountain ResourceMalachite
71%
Forest ResourceAmmonium
68%
Core Resource/Trade MaterialAstronium
68%
Glacio Surface ResourceHematite
68%
Zinc MaterialSphalerite
66%
Novus ResourceLithium
61%
Core SourceQuartz
61%
First outer space resourceWolframite
55%
Vesania Surface ResourceTitanite
53%

Score Distribution

Percentile by Number Answered

Percent of People with Each Score

Your Score History

You have not taken this quiz